000 01056cam a22002774a 4500
999 _c41432
_d41432
001 15581707
003 OSt
005 20220106144003.0
008 090109s2009 flua b 001 0 eng
010 _a 2009000682
020 _a9780849304101 (hardcover : alk. paper)
040 _aDLC
_cDLC
_dDLC
050 0 0 _aHV8079.W58
_bF67 2009
082 0 0 _a363.2598
_222
_bLIN/F
245 0 0 _aForensic science in wildlife investigations /
_ceditor, Adrian Linacre.
260 _aBoca Raton :
_bTaylor & Francis,
_cc2009.
300 _axiv, 162 p. :
_bill. ;
_c25 cm.
490 0 _aInternational forensic science and investigation series
504 _aIncludes bibliographical references and index.
650 0 _aWildlife crime investigation.
650 0 _aForensic sciences.
700 1 _aLinacre, Adrian
_98995
906 _a7
_bcbc
_corignew
_d1
_eecip
_f20
_gy-gencatlg
942 _2ddc
_cBK
_h363.2598
_iLIN/F
_k363.2598
_mLIN/F